| 000 | 00518nam a22001697a 4500 | ||
|---|---|---|---|
| 003 | OSt | ||
| 005 | 20160316144524.0 | ||
| 008 | 160316b xxu||||| |||| 00| 0 eng d | ||
| 020 | _a0132408406 | ||
| 040 |
_aKabarak University Labrary _cKabarak University Labrary |
||
| 100 | _aStone Ruth M. | ||
| 245 |
_atheory for ethnomusicology _cRuth M. Stone |
||
| 260 |
_aUnity States of America _bPearson Prentice Hall _c2008 |
||
| 300 |
_axiii,242p. _bill |
||
| 610 | _aEthnomusicology | ||
| 942 |
_2lcc _cBK _kML3798 .S76 2008 C.1 |
||
| 999 |
_c15779 _d15779 |
||